Statistics for Sint Eustatius Quiz

Click here to take the quiz!

General Stats

  • This quiz has been taken 4 times
  • The average score is 3 of 11

Answer Stats

QuestionAnswer% Correct
What country does Sint Eustatius belong toNetherlands
100%
What country occupied Sint Eustatius in 1795France
67%
What chain of islands it is part ofLeeward Islands
33%
Regional CapitalOranjestad
33%
The name it is locally known asStatia
33%
Governor of Sint EustatiusAlida Francis
0%
First inhabitants of the islandsCarib
0%
Main denomination of ChristianityMethodist
0%
Highest peakMount Mazinga
0%
What it was formerly part ofNetherlands Antilles
0%
Official CurrencyUnited States Dollar
0%

Score Distribution

Percentile by Number Answered

Percent of People with Each Score

Your Score History

You have not taken this quiz